000 00793cam a22002417a 4500
001 22287
003 BD-RjUL
005 20260205114925.0
008 140308s1958 ii c 000 1 eng
035 _a(BD-RjUL)22352
040 _aDLC
_cDLC
_dDLC
_dBD-RjUL
_beng
041 1 _aengben
082 _a891.43
_bBAP 1958
100 1 _aBandopadhyay, Manik,
_d1908-1956.
_968810
245 1 0 _aPrimeval :
_band other stories /
_cManik Bandopadhyaya ; selected and edited by Debiprasad Chattopadhyaya ; with a foreword by Atul Chandra Gupta.
260 _aNew Delhi :
_bPeople's Pub. House,
_cc1958.
300 _axi, 134 p. ;
_c22 cm.
650 0 _aIndic fiction.
_968811
700 1 _aChattopadhyaya, Debiprasad.
_917677
942 _2ddc
_cBK
999 _c22287
_d22287